Estudios constitucionales y jurídicos / (Record no. 187197)

MARC details
000 -LEADER
campo de control de longitud fija 01271nam a2200313 i 4500
001 - NÚMERO DE CONTROL
campo de control 187197
003 - IDENTIFICADOR DE NÚMERO DE CONTROL
campo de control SpMaBN
005 - FECHA Y HORA DE LA ÚLTIMA TRANSACCIÓN
campo de control 20250808090245.0
008 - DATOS DE LONGITUD FIJA--INFORMACIÓN GENERAL
campo de control de longitud fija 170504s1986 ck cf |||| | spa d
080 ## - NÚMERO DE LA CLASIFICACIÓN DECIMAL UNIVERSAL
Número de la Clasificación Decimal Universal 342.4(861)"18"
100 1# - ENTRADA PRINCIPAL--NOMBRE DE PERSONA
Nombre de persona Caro, Miguel Antonio,
Fechas asociadas al nombre 1843-1909
9 (RLIN) 35400
245 10 - MENCIÓN DEL TÍTULO
Título Estudios constitucionales y jurídicos /
Mención de responsabilidad, etc. Miguel Antonio Caro ; compilación, introducción y notas por Carlos Valderrama Andrade.
260 ## - PUBLICACIÓN, DISTRIBUCIÓN, ETC.
Lugar de publicación, distribución, etc. Bogotá :
Nombre del editor, distribuidor, etc. Instituto Caro y Cuervo,
Fecha de publicación, distribución, etc. 1986.
300 ## - DESCRIPCIÓN FÍSICA
Extensión 2 v. (LIII, 531 p., XIII h. de lám. ; 480 p., V h. de lám.) ;
Dimensiones 22 cm.
490 1# - MENCIÓN DE SERIE
Mención de serie Obras completas de Miguel Antonio Caro ;
Designación de volumen o secuencia 6-7
490 1# - MENCIÓN DE SERIE
Mención de serie Biblioteca colombiana ;
Designación de volumen o secuencia 26-27
500 ## - NOTA GENERAL
Nota general Índices
505 8# - NOTA DE CONTENIDO CON FORMATO
Nota de contenido con formato Primera serie; Segunda serie
599 ## - NOTA A LAS ILUSTRACIONES
NOTA A LAS ILUSTRACIONES Retr. del autor en ambos v.
650 #7 - PUNTO DE ACCESO ADICIONAL DE MATERIA--TÉRMINO DE MATERIA
Término de materia o nombre geográfico como elemento de entrada Derecho constitucional-
Subdivisión geográfica Colombia.
9 (RLIN) 162535
650 04 - PUNTO DE ACCESO ADICIONAL DE MATERIA--TÉRMINO DE MATERIA
Término de materia o nombre geográfico como elemento de entrada Derecho constitucional-
Subdivisión geográfica América Latina
9 (RLIN) 11681
700 1# - ENTRADA AGREGADA--NOMBRE PERSONAL
Nombre de persona Valderrama Andrade, Carlos.
9 (RLIN) 160111
710 2# - ENTRADA AGREGADA--NOMBRE DE ENTIDAD CORPORATIVA
Nombre de entidad corporativa o nombre de jurisdicción como elemento de entrada Instituto Caro y Cuervo.
9 (RLIN) 4806
830 0# - PUNTO DE ACCESO ADICIONAL DE SERIE-TÍTULO UNIFORME
Título uniforme Obras completas de Miguel Antonio Caro ;
Designación de volumen o secuencia 6-7
9 (RLIN) 192742
830 0# - PUNTO DE ACCESO ADICIONAL DE SERIE-TÍTULO UNIFORME
Título uniforme Biblioteca colombiana ;
Designación de volumen o secuencia 26-27
9 (RLIN) 192743
852 ## - LOCALIZACIÓN
Ubicación ES-MaACL
Ubicación en estantería Depósito 2
Donativo/Legado Donat. herederos José Prat
Número de control de estantería L-31533-34
942 ## - ELEMENTOS DE ENTRADA SECUNDARIOS (KOHA)
Fuente del sistema de clasificación o colocación Clasificación decimal universal
Holdings
Estatus retirado Estado de pérdida Estado de daño No para préstamo Biblioteca de origen Biblioteca actual Ubicación en estantería Fecha de adquisición Fuente de adquisición Total de préstamos Signatura topográfica completa Código de barras Visto por última vez Precio de reemplazo Tipo de ítem Koha
        Biblioteca del Ateneo de Madrid Biblioteca del Ateneo de Madrid Depósito 2 04/05/2017     L-31533-34 1197521 23/02/2023 23/02/2023 Libro impreso